000
00266nam a2200097Ia 4500
001
685054
005
20250826161510.0
008
250824s9999 xx 000 0 und d
245
0
_a
Gulyabani - Gönül Ticareti
_c
Hüseyin Rahmi Gürpınar
260
_b
Everest Yayınları
999
_c
685054
_d
685054